MARC details
| 000 -CABECERA |
| campo de control de longitud fija |
02117nam a2200373 4500 |
| 003 - IDENTIFICADOR DEL NÚMERO DE CONTROL |
| campo de control |
EC-UNACH |
| 005 - FECHA Y HORA DE LA ÚLTIMA TRANSACCIÓN |
| campo de control |
20250422103006.0 |
| 006 - CÓDIGOS DE INFORMACIÓN DE LONGITUD FIJA--CARACTERÍSTICAS DEL MATERIAL ADICIONAL |
| campo de control de longitud fija |
s||||gr|||| 00| 00 |
| 008 - DATOS DE LONGITUD FIJA--INFORMACIÓN GENERAL |
| campo de control de longitud fija |
150116t9999 mx r gr 000 0 spa d |
| 020 ## - NÚMERO INTERNACIONAL ESTÁNDAR DEL LIBRO |
| Número Internacional Estándar del Libro |
978-9942-661-37-1 |
| 040 ## - FUENTE DE LA CATALOGACIÓN |
| Centro catalogador/agencia de origen |
EC-UNACH |
| Centro/agencia transcriptor |
EC-UNACH |
| 041 ## - CÓDIGO DE LENGUA |
| Código de lengua del texto/banda sonora o título independiente |
spa |
| 082 04 - NÚMERO DE LA CLASIFICACIÓN DECIMAL DEWEY |
| Número de edición |
23 |
| Número de clasificación |
526 |
| Número de documento/Ítem |
L017690 |
| 100 ## - ENTRADA PRINCIPAL--NOMBRE DE PERSONA |
| Nombre de persona |
Silva Borja, Galo Patricio / Paredes Bonilla, Gladys Erminia / Herrera Carpio, Liuvan |
| 245 ## - MENCIÓN DE TÍTULO |
| Título |
Cartografías y posibilidades discursivas de la Literatura Latinoamericana |
| 250 ## - MENCIÓN DE EDICIÓN |
| Mención de edición |
Primera Edición |
| 264 ## - Producción, publicación, distribución, fabricación y copyright |
| Lugar de producción, publicación, distribución, fabricación |
Riobamba - Ecuador |
| Nombre del de productor, editor, distribuidor, fabricante |
Editorial UNACH |
| Fecha de de producción, publicación, distribución, fabricación o copyright |
2024 |
| 264 ## - Producción, publicación, distribución, fabricación y copyright |
| Lugar de producción, publicación, distribución, fabricación |
Producción UNACH |
| 300 ## - DESCRIPCIÓN FÍSICA |
| Extensión |
164 páginas |
| 501 ## - NOTA DE "CON" |
| Nota de “Con” |
Incluye índice general |
| 505 ## - NOTA DE CONTENIDO CON FORMATO |
| Nota de contenido con formato |
Capítulo 1. Metaliteratura y marginalidad en la vanguardia poética latinoamericana -- Capítulo 2. La trilogía de la voz femenina en la poesía latinoamericana: Juana de Ibarbourou, Alfonsina Storni y Alejandra Pizarnik -- Capítulo 3. La vigencia de las vanguardias en el Ecuador de los años 60 y su oposición social -- Capítulo 4. Análisis estructural de la novela Argonautas de la selva del escritor vanguardista ecuatoriano Leopoldo Benites Vinueza -- Capítulo 5. Análisis estructural de la novela Entre Marx y una mujer desnuda del escritor ecuatoriano Jorge Enrique Adoum -- Capítulo 6. Análisis literario del libro Cuentos de la historia por los autores Pedro Jorge Vera y Manuel J. Calle -- Capítulo 7. Análisis literario estructural de la obra En los ojos de afuera del escritor ecuatoriano vanguardista Pedro Saad Herrería. |
| 650 ## - PUNTO DE ACCESO ADICIONAL DE MATERIA--TÉRMINO DE MATERIA |
| Término de materia o nombre geográfico como elemento inicial |
METODOLOGÍA |
| 650 ## - PUNTO DE ACCESO ADICIONAL DE MATERIA--TÉRMINO DE MATERIA |
| Término de materia o nombre geográfico como elemento inicial |
VOCES POÉTICAS |
| 650 ## - PUNTO DE ACCESO ADICIONAL DE MATERIA--TÉRMINO DE MATERIA |
| Término de materia o nombre geográfico como elemento inicial |
MUNDO POÉTICO |
| 650 ## - PUNTO DE ACCESO ADICIONAL DE MATERIA--TÉRMINO DE MATERIA |
| Término de materia o nombre geográfico como elemento inicial |
LITERATURA ECUATORIANA |
| 650 ## - PUNTO DE ACCESO ADICIONAL DE MATERIA--TÉRMINO DE MATERIA |
| Término de materia o nombre geográfico como elemento inicial |
TEXTO LITERARIO |
| 650 ## - PUNTO DE ACCESO ADICIONAL DE MATERIA--TÉRMINO DE MATERIA |
| Término de materia o nombre geográfico como elemento inicial |
ESCRITORES ECUATORIANOS |
| 650 ## - PUNTO DE ACCESO ADICIONAL DE MATERIA--TÉRMINO DE MATERIA |
| Término de materia o nombre geográfico como elemento inicial |
LITERATURA ECUATORIANA |
| 856 ## - LOCALIZACIÓN Y ACCESO ELECTRÓNICOS |
| Identificador Uniforme del Recurso |
<a href="https://doi.org/10.37135/u.editorial.05.135">https://doi.org/10.37135/u.editorial.05.135</a> |
| Texto de enlace |
Libro Digital - Cartografías y posibilidades discursivas de la Literatura Latinoamericana |
| 942 ## - ELEMENTOS DE PUNTO DE ACCESO ADICIONAL (KOHA) |
| Fuente del sistema de clasificación o colocación |
Clasificación Decimal Dewey |
| Tipo de ítem Koha |
Libro electrónico |
| 999 ## - NÚMEROS DE CONTROL DE SISTEMA (KOHA) |
| Koha biblionumber |
13534 |